20,000 leagues under the sea / (Record no. 2402)

MARC details
000 -LEADER
fixed length control field 00877nam a22002417a 4500
001 - CONTROL NUMBER
control field 2402
003 - CONTROL NUMBER IDENTIFIER
control field FISKH
005 - DATE AND TIME OF LATEST TRANSACTION
control field 20231124103944.0
008 - FIXED-LENGTH DATA ELEMENTS--GENERAL INFORMATION
fixed length control field 231124b cb ||||| |||| 00| 0 eng d
020 ## - INTERNATIONAL STANDARD BOOK NUMBER
International Standard Book Number 9780439227155
040 ## - CATALOGING SOURCE
Original cataloging agency FISKH
Language of cataloging eng
Transcribing agency FISKH
Modifying agency FISKH
050 ## - LIBRARY OF CONGRESS CALL NUMBER
Classification number PZ7
082 ## - DEWEY DECIMAL CLASSIFICATION NUMBER
Classification number 843.8
100 ## - MAIN ENTRY--PERSONAL NAME
Personal name Verne, Jules
245 ## - TITLE STATEMENT
Title 20,000 leagues under the sea /
Statement of responsibility, etc. Jules Verne ; with an introduction by Bruce Coville
250 ## - EDITION STATEMENT
Edition statement This edition publish, 2000
260 ## - PUBLICATION, DISTRIBUTION, ETC.
Place of publication, distribution, etc. New York :
Name of publisher, distributor, etc. Scholastic,
Date of publication, distribution, etc. 1869
300 ## - PHYSICAL DESCRIPTION
Extent 425 pages :
Dimensions 18 cm
520 ## - SUMMARY, ETC.
Summary, etc. Retells the adventures of a French professor and his two companions as they sail above and below the world's oceans as prisoners on the fabulous electric submarine of the deranged Captain Nemo.
521 8# - TARGET AUDIENCE NOTE
Target audience note 990 <br/>
Source Lexile estimate <br/>
650 ## - SUBJECT ADDED ENTRY--TOPICAL TERM
Topical term or geographic name entry element Under the sea
Form subdivision Juvenile literature
942 ## - ADDED ENTRY ELEMENTS (KOHA)
Source of classification or shelving scheme Dewey Decimal Classification
Koha item type Books
Suppress in OPAC No
Holdings
Withdrawn status Lost status Source of classification or shelving scheme Damaged status Not for loan Collection Home library Current library Shelving location Date acquired Total Checkouts Full call number Barcode Date last seen Price effective from Koha item type
    Dewey Decimal Classification     Fiction Footprints International School Library Network Toul Kork Campus Footprints International School Library Network Toul Kork Campus   11/24/2023   VER 843.8 PQ2469.V47 FISSE01050 11/24/2023 11/24/2023 Books